| 000 | 00776nam a2200205 a 4500 | ||
|---|---|---|---|
| 003 | 0 | ||
| 005 | 20250617151549.0 | ||
| 008 | 021114s19uu xx 00 eng d | ||
| 050 |
_aPGS LB 3013 _b.J35 1999 |
||
| 100 | _aJapuz, Ma. Leizle R. | ||
| 245 |
_aClass management techniques of sectarian and non-sectarian grade six6 teachers: a comparative study / _cMa. Leizle R. Japuz. |
||
| 260 |
_aLas PiƱas City, Philippines : _bSouthville International School and Colleges, _c1999. |
||
| 300 |
_aUnpaged : _billustrations ; _c28 cm. |
||
| 504 | _aIncludes bibliographical references. | ||
| 650 | _aClassroom management. | ||
| 650 |
_aDiscipline _vElementary education. |
||
| 650 |
_aTeaching _vMethodology. |
||
| 650 | _aReligious and secular education. | ||
| 942 |
_2lcc _cPASS |
||
| 999 |
_c96150 _d96150 |
||